书目信息 |
| 题名: |
网店视觉营销与美工设计
|
|
| 作者: | 童海君 , 陈民利 主编 | |
| 分册: | ||
| 出版信息: | 北京 北京理工大学出版社 2019.11 |
|
| 页数: | 271页 | |
| 开本: | 26cm | |
| 丛书名: | ||
| 单 册: | ||
| 中图分类: | F713.361.2 | |
| 科图分类: | ||
| 主题词: | 网店--wang dian--设计--教材 | |
| 电子资源: | ||
| ISBN: | 978-7-5682-7868-3 | |
| 000 | 01193nam0 2200277 450 | |
| 001 | CAL 0120202954050 | |
| 005 | 20230217093111.0 | |
| 010 | @a978-7-5682-7868-3@dCNY63 | |
| 100 | @a20200225d2019 em y0chiy0120 ea | |
| 101 | 0 | @achi |
| 102 | @aCN@b110000 | |
| 105 | @aa a 000yy | |
| 106 | @ar | |
| 200 | 1 | @a网店视觉营销与美工设计@Awang dian shi jue ying xiao yu mei gong she ji@d= Net shop designer@f主编童海君, 陈民利@zeng |
| 210 | @a北京@c北京理工大学出版社@d2019.11 | |
| 215 | @a271页@c彩图@d26cm | |
| 300 | @a高素质技术技能型人才培养教程 微课版 | |
| 320 | @a有书目 (第271页) | |
| 330 | @a本书分为三篇, 10个章节。上篇视觉之“道”: 视觉营销基础知识, 网店视觉营销与美工设计师 ; 中篇视觉之“器”: 视觉美工之商品摄影技术, 视觉美工之Photoshop基础, 视觉美工之Photoshop进阶, 视觉美工之美图秀秀 ; 下篇视觉之“术”: 高点击率推广图视觉营销设计, 商品主图视觉营销设计, 商品详情页视觉营销设计, 店铺视觉营销装修设计。 | |
| 510 | 1 | @aNet shop designer@zeng |
| 606 | 0 | @a网店@Awang dian@x设计@j教材 |
| 690 | @aF713.361.2@v5 | |
| 701 | 0 | @a童海君@Atong hai jun@4主编 |
| 701 | 0 | @a陈民利@Achen min li@4主编 |
| 801 | 0 | @aCN@bBJXHZP@c20230222 |
| 905 | @b1393025-8@dF713.361.2@e1227@f4@S@Z | |
| 网店视觉营销与美工设计= Net shop designer/主编童海君, 陈民利.-北京:北京理工大学出版社,2019.11 |
| 271页:彩图;26cm |
| 高素质技术技能型人才培养教程 微课版 |
| ISBN 978-7-5682-7868-3:CNY63 |
| 本书分为三篇, 10个章节。上篇视觉之“道”: 视觉营销基础知识, 网店视觉营销与美工设计师 ; 中篇视觉之“器”: 视觉美工之商品摄影技术, 视觉美工之Photoshop基础, 视觉美工之Photoshop进阶, 视觉美工之美图秀秀 ; 下篇视觉之“术”: 高点击率推广图视觉营销设计, 商品主图视觉营销设计, 商品详情页视觉营销设计, 店铺视觉营销装修设计。 |
| ● |
| 相关链接 |
|
|
|
|
正题名:网店视觉营销与美工设计
索取号:F713.361.2/1227
 
预约/预借
| 序号 | 登录号 | 条形码 | 馆藏地/架位号 | 状态 | 备注 |
| 1 | 1393025 | 213930255 | 第一样本阅览室/ [索取号:F713.361.2/1227] | 在馆 | |
| 2 | 1393026 | 213930264 | 第一借阅区/ [索取号:F713.361.2/1227] | 在馆 | |
| 3 | 1393027 | 213930273 | 第一借阅区/ [索取号:F713.361.2/1227] | 在馆 | |
| 4 | 1393028 | 213930282 | 第一借阅区/ [索取号:F713.361.2/1227] | 在馆 |